00537 a2200181 4500020001500000050002000015100002400035245005900059264004000118300002200158500001400180650003900194700002500233700002500258700002300283700002400306700002500330 a1868531236 aPE1115 FAR 1997 aFarrell, S.eauthor aBusiness English N3/NSC /cS. Farrell ... [and others] aJohannesburg : bHeinemann, c1997. a282 pages :bill. atextbooks aEnglish languagexBusiness english aHawthorn, E.eauthor aMcFarlan, F.eauthor aMorgan, O.eauthor aUnderhay, Ueauthor aValkhoff, J.eauthor